Szamárbehozatal 1542-ben
Elmentve itt :
| Dokumentumtípus: | Cikk |
|---|---|
| Megjelent: |
1902
|
| Sorozat: | Magyar gazdaságtörténelmi szemle
9 |
| Kulcsszavak: | Közgazdaságtudomány, Magyarország történelme, Gazdaságtörténet |
| Online Access: | http://misc.bibl.u-szeged.hu/707 |
| LEADER | 00555nab a2200157 i 4500 | ||
|---|---|---|---|
| 001 | misc707 | ||
| 005 | 20191106144042.0 | ||
| 008 | 170607s1902 hu o 0|| hun d | ||
| 040 | |a SZTE Miscellanea Repozitórium |b hun | ||
| 041 | |a hun | ||
| 245 | 0 | 0 | |a Szamárbehozatal 1542-ben |h [elektronikus dokumentum] |
| 260 | |c 1902 | ||
| 300 | |a 142 | ||
| 490 | 0 | |a Magyar gazdaságtörténelmi szemle |v 9 | |
| 695 | |a Közgazdaságtudomány, Magyarország történelme, Gazdaságtörténet | ||
| 856 | 4 | 0 | |u http://misc.bibl.u-szeged.hu/707/1/gazd_tort_szeml_1902_142.pdf |z Dokumentum-elérés |